The esoteric meaning of the ramayan : (Record no. 891777)

MARC details
000 -LEADER
fixed length control field 01311nam a2200337 a 4500
001 - CONTROL NUMBER
control field vtls001439205
003 - CONTROL NUMBER IDENTIFIER
control field NLI
005 - DATE AND TIME OF LATEST TRANSACTION
control field 20210627122023.0
008 - FIXED-LENGTH DATA ELEMENTS--GENERAL INFORMATION
fixed length control field 121130s1992 ii 000 0 eng
020 ## - INTERNATIONAL STANDARD BOOK NUMBER
Terms of availability Rs. 20.00 (pbk.)
039 #9 - LEVEL OF BIBLIOGRAPHIC CONTROL AND CODING DETAIL [OBSOLETE]
Level of rules in bibliographic description 201810201640
Level of effort used to assign nonsubject heading access points Pravinbp
-- 201211301646
-- VLOAD
040 ## - CATALOGING SOURCE
Original cataloging agency NLI
Language of cataloging eng
Transcribing agency Datasoft_GENG
Description conventions AACR2
041 0# - LANGUAGE CODE
Language code of text/sound track or separate title eng
044 ## - COUNTRY OF PUBLISHING/PRODUCING ENTITY CODE
MARC country code ii
082 04 - DEWEY DECIMAL CLASSIFICATION NUMBER
Classification number 294.5922046
Edition number 23
100 1# - MAIN ENTRY--PERSONAL NAME
Personal name Maheshwari, S. D.
9 (RLIN) 760643
240 10 - UNIFORM TITLE
Uniform title Rāmāyaṇa kā gūḍha rahasya.
Language of a work Hindi
245 14 - TITLE STATEMENT
Title The esoteric meaning of the ramayan :
Remainder of title being an English translation of the original written and published in hindi under the title Ramayan Ka Gurh Rahasya in 1952 by S. D. Maheshwari, M. Sc., personal assistant to Babuji Maharaj
260 ## - PUBLICATION, DISTRIBUTION, ETC.
Place of publication, distribution, etc. Agra, India :
Name of publisher, distributor, etc. Soami Bagh,
Date of publication, distribution, etc. 1992.
300 ## - PHYSICAL DESCRIPTION
Extent 342 p. ;
Dimensions 21 cm.
630 00 - SUBJECT ADDED ENTRY--UNIFORM TITLE
Uniform title Ramayana
General subdivision Criticism, interpretation, etc
9 (RLIN) 741946
650 #0 - SUBJECT ADDED ENTRY--TOPICAL TERM
Topical term or geographic name entry element Hinduism
General subdivision Sacred books
9 (RLIN) 677149
650 #0 - SUBJECT ADDED ENTRY--TOPICAL TERM
Topical term or geographic name entry element Rama (Hindu deity)
9 (RLIN) 790954
887 ## - NON-MARC INFORMATION FIELD
Content of non-MARC field Pravinbp2
901 ## - LOCAL DATA ELEMENT A, LDA (RLIN)
a DB63075
b 22.02.1993
902 ## - LOCAL DATA ELEMENT B, LDB (RLIN)
a E 294.5922046 M 277
904 ## - LOCAL DATA ELEMENT D, LDD (RLIN)
a Pravinbp2
949 ## - LOCAL PROCESSING INFORMATION (OCLC)
-- VIRTUAITEM
-- 10000
-- 100
6 DBA000063075ENG
942 ## - ADDED ENTRY ELEMENTS (KOHA)
Source of classification or shelving scheme Dewey Decimal Classification
Koha item type Books
Holdings
Withdrawn status Lost status Damaged status Not for loan Collection code Home library Current library Shelving location Date acquired Total Checkouts Full call number Barcode Date last seen Price effective from Koha item type
        New English National Library of India National Library of India New English - Main Stack Division     E 294.5922046 M 277 DBA000063075ENG 27/06/2021 27/06/2021 Books
                                                                           
web counter

Copyright ©2020 The National Library of India, Govt. of India ↔ Hosted by NVLI, MOC ↔ Technology and Design by National Library of India, Ministry of Culture, Govt. of India